La revolución /
Benicio trabaja en el correo y se ve envuelto en una trama que busca derrocar al incipiente gobierno criollo. Decidirá entonces en qué bando desea estar y también seguirá los pasos de la revolución. En esta novela el amor, la valentía y la aventura son las distintas ramas de una historia que confluy...
Guardado en:
| Autor Principal: | |
|---|---|
| Otros Autores: | |
| Formato: | Libro |
| Publicado: |
Buenos Aires :
Alfaguara,
2010.
|
| Edición: | 1a ed. |
| Series: | Alfaguara Infantil. Naranja
|
| Materias: | |
| Etiquetas: |
Agregar Etiqueta
Sin Etiquetas, Sea el primero en etiquetar este registro!
|
| LEADER | 01058nam a22002415a 4500 | ||
|---|---|---|---|
| 001 | CEM.cems020053 | ||
| 008 | 230502s2010##################000#0#####d | ||
| 005 | 20230502103701.0 | ||
| 245 | 1 | 0 | |a La revolución / |c Ricardo Mariño ; ilustrado por Lucas Nine. |
| 250 | |a 1a ed. | ||
| 260 | |a Buenos Aires : |b Alfaguara, |c 2010. | ||
| 300 | |a 88 p. | ||
| 490 | 0 | |a Alfaguara Infantil. Naranja | |
| 520 | |a Benicio trabaja en el correo y se ve envuelto en una trama que busca derrocar al incipiente gobierno criollo. Decidirá entonces en qué bando desea estar y también seguirá los pasos de la revolución. En esta novela el amor, la valentía y la aventura son las distintas ramas de una historia que confluye, sobre todo, en la lucha por la libertad de un pueblo | ||
| 020 | |a 9789870413950 | ||
| 100 | 1 | |a Mariño, Ricardo | |
| 700 | 1 | |a Nine, Lucas; il. | |
| 082 | 0 | 4 | |a A863.4 |
| 653 | |a Literatura infantil | ||
| 653 | |a Literatura juvenil | ||
| 653 | |a Novela | ||
| 653 | |a Literatura Argentina | ||
| 859 | |a CEMS |b BIB. CEMS - Agricultura |h A863.4 |i M339-8 |p A3527.23 |t Ej.1 | ||
